000 00657nam a2200241 i 4500
001 C2-0310213
003 PPAK
005 20180728101451.0
008 110612s1998 xx a|||| ||||| | may d
020 _a9960823024
040 _aPPAK
_beng
_cPPAK
_erda
082 0 4 _a953.122
_223
090 0 0 _a953.122
_bHAF
_dKMI
100 1 _aHafidh, 'Ali,
_eauthor
245 1 0 _aBeberapa bagian dari sejarah Madinah
264 1 _c1998
300 _axxiii, 290 pages :
_billustrations ;
_c24 cm
336 _2rdacontent
_atext
337 _2rdamedia
_aunmediated
338 _2rdacarrier
_avolume
650 1 0 _aAl-Madinah al-Munawarah - History.
942 _ddc
_cB
999 _c112698
_d112698